Qawāʻid al-lughah al-Miṣrīyah fī ʻaṣrihā al-dhahabī /

محفوظ في:

المؤلف الرئيسي: Bakir, Abd el-Mohsen (مؤلف)

التنسيق: كتاب

اللغة: Arabic

منشور في: [al-Qāhirah] : al-Hayʾah al-Miṣrīyah al-ʻĀmmah lil-Kitāb, 1982.

الموضوعات:

الوسوم: إضافة وسم

لا توجد وسوم, كن أول من يضع وسما على هذه التسجيلة!

رقم الطلب: PJ1135 .B3 1982

LEADER 00983nam a2200217Ia 4500
003 OSt
005 20230822113021.0
008 130303s1982 ua 000 0 ara d
952 |0 0  |1 0  |2 lcc  |4 0  |6 PJ1135 B3 01982  |7 1  |9 49655  |a ARCE  |b ARCE  |d 2023-08-22  |l 0  |o PJ1135 .B3 1982  |p 1019841  |r 2023-08-22 00:00:00  |w 2023-08-22  |y BK 
999 |c 27290  |d 27290 
040 |c ARCE Library 
050 4 |a PJ1135 .B3 1982 
100 1 |6 880-01  |a Bakir, Abd el-Mohsen,   |e author 
245 1 0 |6 880-02  |a Qawāʻid al-lughah al-Miṣrīyah fī ʻaṣrihā al-dhahabī /   |c ʻAbd al-Muḥsin Bakīr. 
264 1 |a [al-Qāhirah] :  |b al-Hayʾah al-Miṣrīyah al-ʻĀmmah lil-Kitāb,  |c 1982. 
300 |a pages ;  |c 24 cm. 
650 0 |a Egyptian language  |x Grammar. 
880 1 |6 100-01/(3/r  |a بكير، عبد المحسن 
880 1 0 |6 245-02/(3/r  |a قواعد اللغة المصرية في عصرها الذهبي   |c عبد المحسن بكير.‪‪‪‪‪‪‪‪‪‪‪‪‪‪‪‪ 
901 |a reviewed 
942 |c BK  |2 lcc